000 00947nam a22002417a 4500
999 _c64992
_d64992
005 20240530110801.0
008 190211s2018 ua g b 000 1 ara d
017 _a2018/5054
_bمصر. دار الكتب
020 _a9789779117621
040 _aEG-CaGPL
_cEG-CaGPL
082 0 4 _221
_a810.009/
_bأ ك
100 0 _aانس الوجود رضوان
245 1 2 _aالكتابة على الحافة الحرجة :
_bقراءات فى ابداعات صبرى موسى /
_cاعداد انس الوجود رضوان
250 _aط.1
260 _aالقاهرة :
_bالهيئة المصرية العامة للكتاب،
_c2018.
300 _a250 ص. ؛
_c24 سم.
504 _aيشتمل على ارجاعات ببليوجرافية
650 0 7 _2qrmak
_aالادب العربى
_xتاريخ ونقد
650 0 7 _2qrmak
_aالادباء العرب
651 _2qrmak
942 _2ddc
_cBK